[Event "Moscow Open F"]
[Site "?"]
[Date "2017.01.28"]
[Round "2.1"]
[White "Bernadskiy, Vitaliy"]
[Black "Sizintsev, Alexey"]
[Result "1-0"]
[BlackElo "2108"]
[WhiteElo "2540"]
[LiveChessVersion "1.4.8"]

1. d4 {[%clk 1:30:57]} Nf6 {[%clk 1:26:17]} 2. c4 {[%clk 1:31:22]} g6
{[%clk 1:26:43]} 3. Nc3 {[%clk 1:31:50]} Bg7 {[%clk 1:27:08]} 4. e4
{[%clk 1:32:17]} d6 {[%clk 1:27:33]} 5. Be2 {[%clk 1:32:36]} O-O {[%clk 1:27:58]}
6. Nf3 {[%clk 1:33:02]} e5 {[%clk 1:28:22]} 7. O-O {[%clk 1:33:27]} Nc6
{[%clk 1:28:49]} 8. d5 {[%clk 1:33:53]} Ne7 {[%clk 1:29:14]} 9. Ne1
{[%clk 1:33:56]} Nd7 {[%clk 1:29:29]} 10. Nd3 {[%clk 1:34:22]} f5
{[%clk 1:29:30]} 11. Bd2 {[%clk 1:34:34]} Nf6 {[%clk 1:27:21]} 12. f3
{[%clk 1:34:58]} f4 {[%clk 1:27:48]} 13. Rc1 {[%clk 1:33:01]} g5 {[%clk 1:19:00]}
14. c5 {[%clk 1:33:19]} h5 {[%clk 1:18:59]} 15. Nb5 {[%clk 1:32:58]} Ne8
{[%clk 1:16:28]} 16. Qc2 {[%clk 1:22:59]} a6 {[%clk 0:55:56]} 17. cxd6
{[%clk 1:21:54]} cxd6 {[%clk 0:56:00]} 18. Nc7 {[%clk 1:22:09]} Nxc7
{[%clk 0:55:59]} 19. Qxc7 {[%clk 1:22:23]} Nc6 {[%clk 0:49:07]} 20. Qxd8
{[%clk 1:22:13]} Nxd8 {[%clk 0:49:32]} 21. Rc7 {[%clk 1:22:10]} Rf7
{[%clk 0:46:12]} 22. Rc2 {[%clk 1:21:01]} Bd7 {[%clk 0:44:15]} 23. Rfc1
{[%clk 1:21:25]} g4 {[%clk 0:41:39]} 24. Nf2 {[%clk 1:21:02]} g3 {[%clk 0:36:44]}
25. hxg3 {[%clk 1:18:40]} fxg3 {[%clk 0:37:06]} 26. Nh3 {[%clk 1:18:17]} Bxh3
{[%clk 0:36:13]} 27. gxh3 {[%clk 1:18:43]} h4 {[%clk 0:30:43]} 28. Kg2
{[%clk 1:16:11]} Kh7 {[%clk 0:21:45]} 29. Rc8 {[%clk 1:15:00]} Rxc8
{[%clk 0:21:59]} 30. Rxc8 {[%clk 1:15:27]} Bf6 {[%clk 0:16:58]} 31. Ba5
{[%clk 1:15:22]} Rf8 {[%clk 0:07:54]} 32. Rc7+ {[%clk 1:13:23]} Rf7
{[%clk 0:05:29]} 33. Rc8 {[%clk 1:11:53]} Rf8 {[%clk 0:05:48]} 34. Rb8
{[%clk 1:12:18]} Kg6 {[%clk 0:04:00]} 35. Bc7 {[%clk 1:12:11]} Be7
{[%clk 0:03:45]} 36. a4 {[%clk 1:12:27]} Kg5 {[%clk 0:01:27]} 37. b4
{[%clk 1:11:52]} Kf4 {[%clk 0:01:24]} 38. Bb6 {[%clk 1:12:17]} Ne6
{[%clk 0:00:41]} 39. Rxb7 {[%clk 1:09:03]} Nd4 {[%clk 0:00:58]} 40. Bxd4
{[%clk 1:04:11]} exd4 {[%clk 0:01:22]} 41. Rxe7 {[%clk 1:03:59]} Ke3
{[%clk 0:01:21]} 42. Bxa6 {[%clk 1:01:42]} Rxf3 {[%clk 0:01:01]} 43. e5
{[%clk 1:01:45]} Rf2+ {[%clk 0:01:12]} 44. Kg1 {[%clk 1:02:12]} d3
{[%clk 0:00:49]} 45. exd6+ {[%clk 1:02:06]} Kd4 {[%clk 0:00:46]} 46. Bxd3
{[%clk 1:02:25]} Kxd3 {[%clk 0:01:13]} 47. d7 {[%clk 1:02:45]} 1-0

[Event "Moscow Open F"]
[Site "?"]
[Date "2017.01.28"]
[Round "2.2"]
[White "Belousov, Ivan"]
[Black "Kezin, Roman"]
[Result "0-1"]
[BlackElo "2439"]
[WhiteElo "2094"]
[LiveChessVersion "1.4.8"]

1. e4 {[%clk 1:30:57]} c5 {[%clk 1:30:50]} 2. Nf3 {[%clk 1:31:22]} e6
{[%clk 1:31:07]} 3. Nc3 {[%clk 1:31:34]} Nc6 {[%clk 1:30:21]} 4. d4
{[%clk 1:31:33]} cxd4 {[%clk 1:30:41]} 5. Nxd4 {[%clk 1:31:58]} Qc7
{[%clk 1:30:58]} 6. Be2 {[%clk 1:29:44]} a6 {[%clk 1:31:14]} 7. O-O
{[%clk 1:29:17]} Nf6 {[%clk 1:31:34]} 8. Nxc6 {[%clk 1:27:55]} bxc6
{[%clk 1:31:43]} 9. f4 {[%clk 1:27:49]} d5 {[%clk 1:31:51]} 10. e5
{[%clk 1:27:23]} Nd7 {[%clk 1:30:59]} 11. b3 {[%clk 1:25:08]} Be7
{[%clk 1:30:47]} 12. Na4 {[%clk 1:24:48]} O-O {[%clk 1:29:21]} 13. Bd3
{[%clk 1:24:36]} f5 {[%clk 1:13:04]} 14. g4 {[%clk 1:21:13]} Bb7 {[%clk 1:13:25]}
15. gxf5 {[%clk 1:21:07]} exf5 {[%clk 1:13:51]} 16. Qh5 {[%clk 1:17:15]} c5
{[%clk 0:56:01]} 17. Bxf5 {[%clk 1:14:48]} Rxf5 {[%clk 0:56:29]} 18. Qxf5
{[%clk 1:15:09]} Qc6 {[%clk 0:56:57]} 19. Qg4 {[%clk 1:06:34]} d4
{[%clk 0:57:19]} 20. Kf2 {[%clk 1:05:25]} Nxe5 {[%clk 0:43:18]} 21. fxe5
{[%clk 1:04:44]} h5 {[%clk 0:40:24]} 22. Qh3 {[%clk 0:58:53]} Re8
{[%clk 0:13:31]} 23. Ke2 {[%clk 0:36:11]} Qe4+ {[%clk 0:13:47]} 24. Be3
{[%clk 0:35:51]} Bg5 {[%clk 0:09:40]} 25. Rad1 {[%clk 0:35:02]} Bxe3
{[%clk 0:09:10]} 26. Qf5 {[%clk 0:35:08]} Rxe5 {[%clk 0:03:38]} 27. Qxe4
{[%clk 0:33:02]} Bxe4 {[%clk 0:04:06]} 28. c3 {[%clk 0:31:09]} Bf5
{[%clk 0:01:31]} 29. Rxf5 {[%clk 0:25:41]} Rxf5 {[%clk 0:01:58]} 30. Nxc5
{[%clk 0:26:01]} Rxc5 {[%clk 0:02:10]} 31. cxd4 {[%clk 0:26:21]} Rc3
{[%clk 0:02:36]} 32. d5 {[%clk 0:25:53]} Bf4 {[%clk 0:01:52]} 33. d6
{[%clk 0:26:14]} Rc8 {[%clk 0:02:19]} 34. d7 {[%clk 0:26:06]} Rd8
{[%clk 0:02:43]} 35. h3 {[%clk 0:26:17]} Bc7 {[%clk 0:02:19]} 36. Rd5
{[%clk 0:26:21]} g6 {[%clk 0:02:30]} 37. b4 {[%clk 0:26:38]} Kf7 {[%clk 0:02:56]}
38. a4 {[%clk 0:26:21]} Ke6 {[%clk 0:03:12]} 39. Rg5 {[%clk 0:25:51]} Rg8
{[%clk 0:03:40]} 40. a5 {[%clk 0:25:01]} Kxd7 {[%clk 0:03:55]} 41. b5
{[%clk 0:25:27]} axb5 {[%clk 0:04:19]} 42. Rxb5 {[%clk 0:25:54]} Ra8
{[%clk 0:04:36]} 43. Rg5 {[%clk 0:26:13]} Ra6 {[%clk 0:04:58]} 44. Kf3
{[%clk 0:25:42]} Bxa5 {[%clk 0:05:25]} 45. Re5 {[%clk 0:25:47]} Bc7
{[%clk 0:05:47]} 46. Re2 {[%clk 0:26:00]} Ra3+ {[%clk 0:06:10]} 0-1

[Event "Moscow Open F"]
[Site "?"]
[Date "2017.01.28"]
[Round "2.3"]
[White "Lugovskoy, Maxim"]
[Black "Artemov, Nikita"]
[Result "1-0"]
[BlackElo "2092"]
[WhiteElo "2425"]
[LiveChessVersion "1.4.8"]

1. d4 {[%clk 1:30:04]} Nf6 {[%clk 1:30:53]} 2. Nc3 {[%clk 1:30:28]} d5
{[%clk 1:31:15]} 3. Bf4 {[%clk 1:30:53]} g6 {[%clk 1:31:08]} 4. Qd2
{[%clk 1:30:57]} Bg7 {[%clk 1:31:15]} 5. Bh6 {[%clk 1:31:20]} O-O
{[%clk 1:31:26]} 6. Bxg7 {[%clk 1:30:24]} Kxg7 {[%clk 1:31:49]} 7. O-O-O
{[%clk 1:27:07]} c5 {[%clk 1:26:49]} 8. dxc5 {[%clk 1:22:29]} Nc6
{[%clk 1:16:30]} 9. e3 {[%clk 1:20:43]} Qa5 {[%clk 1:13:21]} 10. Bb5
{[%clk 1:12:02]} e5 {[%clk 1:01:36]} 11. Nge2 {[%clk 1:09:11]} Rd8
{[%clk 0:46:21]} 12. a3 {[%clk 1:08:21]} Qc7 {[%clk 0:37:30]} 13. f4
{[%clk 1:05:18]} Bg4 {[%clk 0:35:53]} 14. Rhf1 {[%clk 1:02:31]} d4
{[%clk 0:23:17]} 15. fxe5 {[%clk 1:01:17]} Qxe5 {[%clk 0:21:25]} 16. exd4
{[%clk 1:01:33]} Nxd4 {[%clk 0:21:04]} 17. Nxd4 {[%clk 1:01:38]} Bxd1
{[%clk 0:21:27]} 18. Rxd1 {[%clk 1:01:50]} Qxc5 {[%clk 0:20:22]} 19. Qf4
{[%clk 1:01:36]} Rac8 {[%clk 0:18:14]} 20. Qxf6+ {[%clk 1:00:41]} Kxf6
{[%clk 0:18:36]} 21. Ne4+ {[%clk 1:01:10]} Ke7 {[%clk 0:15:07]} 22. Nxc5
{[%clk 1:01:34]} Rxc5 {[%clk 0:15:33]} 23. Be2 {[%clk 1:01:54]} f5
{[%clk 0:13:34]} 24. Bf3 {[%clk 1:02:10]} Rd7 {[%clk 0:13:22]} 25. c3
{[%clk 1:01:00]} Kf6 {[%clk 0:12:49]} 26. Kc2 {[%clk 1:00:45]} h5
{[%clk 0:11:13]} 27. h4 {[%clk 1:00:57]} Re5 {[%clk 0:10:39]} 28. c4
{[%clk 0:59:19]} Re3 {[%clk 0:08:03]} 29. a4 {[%clk 0:59:27]} Rc7
{[%clk 0:07:55]} 30. Bd5 {[%clk 0:59:42]} Ke5 {[%clk 0:06:57]} 31. a5
{[%clk 0:59:15]} Re7 {[%clk 0:05:03]} 32. a6 {[%clk 0:59:33]} 1-0

[Event "Moscow Open F"]
[Site "?"]
[Date "2017.01.28"]
[Round "2.4"]
[White "Talov, Nikita"]
[Black "Nikologorskiy, Konstantin"]
[Result "0-1"]
[BlackElo "2416"]
[WhiteElo "2068"]
[LiveChessVersion "1.4.8"]

1. e4 c5 2. Nf3 d6 3. Bb5+ Nd7 4. O-O a6 5. Be2 Ngf6 6. d3 g6 7. c3 Bg7 8. Re1
O-O 9. Bf1 e5 10. d4 Re8 11. dxe5 dxe5 12. a4 Qc7 13. Nbd2 Nf8 14. Qb3 b6 15. Bc4
Ne6 16. Nf1 Bb7 17. Ng3 h6 18. Nd2 Nf4 19. Ndf1 h5 20. h4 Bc6 21. Nd2 Qb7 22. Nf3
Bh6 23. Bd2 Rad8 24. Qc2 b5 25. axb5 axb5 26. Bf1 c4 27. Rab1 Ng4 28. Red1 Qb6
29. Be1 Bf8 30. b3 cxb3 31. Qxb3 Bc5 32. Rb2 Rxd1 33. Qxd1 Rd8 34. Qb1 Kg7 35.
Ng5 Rd7 36. Nh1 Qd8 37. Qa2 f6 38. Ne6+ Nxe6 39. Qxe6 Bxe4 40. Rxb5 Bd5 41. Qa6
Ra7 0-1

[Event "Moscow Open F"]
[Site "?"]
[Date "2017.01.28"]
[Round "2.5"]
[White "Mokshanov, Alexey"]
[Black "Kudenko, Alexander"]
[Result "1-0"]
[BlackElo "2062"]
[WhiteElo "2413"]
[LiveChessVersion "1.4.8"]

1. e4 c5 2. Nf3 e6 3. c3 Nf6 4. e5 Nd5 5. Bc4 d6 6. d4 cxd4 7. cxd4 Nc6 8. O-O
Be7 9. Qe2 O-O 10. Re1 Na5 11. Bd3 Nb4 12. exd6 Qxd6 13. Be4 f5 14. Bd3 Nac6 15.
Nc3 Nxd4 16. Nxd4 Qxd4 17. Bc4 Qf6 18. Bf4 Nc6 19. Rad1 Kh8 20. a3 a6 21. Ba2 Re8
22. Bc7 Bc5 23. Nd5 Qg6 24. Bb6 Bxb6 25. Nxb6 Rb8 26. Rd6 Qg5 27. Qc2 e5 28. g3
f4 29. Bb1 g6 30. Qc3 Bh3 31. Nc4 Rbc8 32. Be4 Nd4 33. Rxd4 exd4 34. Qxd4+ Kg8
35. Bd5+ Be6 36. Rxe6 1-0

[Event "Moscow Open F"]
[Site "?"]
[Date "2017.01.28"]
[Round "2.6"]
[White "Klimov, Ivan"]
[Black "Vakhlamov, Igor L."]
[Result "*"]
[BlackElo "2405"]
[WhiteElo "2061"]
[LiveChessVersion "1.4.8"]

1. e4 {[%clk 1:29:09]} c5 {[%clk 1:30:56]} 2. c4 {[%clk 1:28:28]} Nc6
{[%clk 1:31:21]} 3. Nc3 {[%clk 1:28:48]} Nf6 {[%clk 1:31:17]} 4. g3
{[%clk 1:27:52]} e6 {[%clk 1:31:11]} 5. Bg2 {[%clk 1:28:14]} d5 {[%clk 1:31:36]}
6. cxd5 {[%clk 1:25:42]} exd5 {[%clk 1:32:01]} 7. Nxd5 {[%clk 1:19:26]} Nxd5
{[%clk 1:32:01]} 8. exd5 {[%clk 1:19:55]} Nb4 {[%clk 1:32:25]} 9. Nf3
{[%clk 1:17:38]} Nd3+ {[%clk 1:23:33]} 10. Kf1 {[%clk 1:17:53]} Be7
{[%clk 1:23:41]} 11. Qb3 {[%clk 1:08:07]} Bf5 {[%clk 1:16:49]} 12. Ne1
{[%clk 0:57:14]} Nxc1 {[%clk 0:55:49]} 13. Rxc1 {[%clk 0:57:12]} O-O
{[%clk 0:56:15]} 14. d3 {[%clk 0:51:23]} Qa5 {[%clk 0:52:08]} 15. Be4
{[%clk 0:45:03]} Bh3+ {[%clk 0:50:11]} 16. Kg1 {[%clk 0:41:38]} Bg5
{[%clk 0:47:54]} 17. Rd1 {[%clk 0:40:39]} Rae8 {[%clk 0:46:36]} 18. Nf3
{[%clk 0:36:54]} Bh6 {[%clk 0:45:16]} 19. d6 {[%clk 0:30:32]} Qd8
{[%clk 0:41:55]} 20. Qd5 {[%clk 0:26:54]} Qf6 {[%clk 0:39:17]} 21. d7
{[%clk 0:23:07]} Rd8 {[%clk 0:27:17]} 22. Ne5 {[%clk 0:22:09]} Qe7
{[%clk 0:25:46]} 23. Re1 {[%clk 0:17:43]} g6 {[%clk 0:25:11]} 24. f4
{[%clk 0:15:23]} Bg7 {[%clk 0:25:02]} 25. Kf2 {[%clk 0:13:49]} Rb8
{[%clk 0:17:32]} 26. Nxg6 {[%clk 0:07:16]} hxg6 {[%clk 0:17:47]} 27. Bf5
{[%clk 0:07:39]} Qxe1+ {[%clk 0:16:13]} 28. Rxe1 {[%clk 0:08:08]} Bxf5
{[%clk 0:16:36]} 29. Qd6 {[%clk 0:05:38]} Rfd8 {[%clk 0:12:37]} 30. Qxb8
{[%clk 0:05:16]} Bd4+ {[%clk 0:13:04]} 31. Kf3 {[%clk 0:05:04]} Rxb8
{[%clk 0:13:30]} 32. Re8+ {[%clk 0:05:14]} Kg7 {[%clk 0:13:56]} 33. Rxb8
{[%clk 0:05:09]} Bxd7 {[%clk 0:14:19]} 34. b3 {[%clk 0:05:04]} Bc6+
{[%clk 0:14:27]} 35. Ke2 {[%clk 0:04:58]} Kf6 {[%clk 0:14:27]} 36. Rf8
{[%clk 0:04:25]} Ke7 {[%clk 0:14:31]} 37. Ra8 {[%clk 0:04:27]} a6
{[%clk 0:14:57]} 38. h3 {[%clk 0:04:16]} Ke6 {[%clk 0:13:34]} 39. g4
{[%clk 0:04:12]} Bg2 {[%clk 0:09:49]} 40. Rb8 {[%clk 0:03:58]} Bxh3
{[%clk 0:09:11]} 41. Kf3 {[%clk 0:04:22]} Bf1 {[%clk 0:08:59]} 42. Rxb7
{[%clk 0:03:52]} Bxd3 {[%clk 0:09:26]} 43. g5 {[%clk 0:02:31]} Bb5
{[%clk 0:07:58]} 44. Rb6+ {[%clk 0:02:52]} Kd7 {[%clk 0:07:54]} 45. Rb7+
{[%clk 0:02:49]} Ke6 {[%clk 0:08:10]} 46. Rb6+ {[%clk 0:03:13]} Kf5
{[%clk 0:07:40]} 47. Rd6 {[%clk 0:02:19]} *

[Event "Moscow Open F"]
[Site "?"]
[Date "2017.01.28"]
[Round "2.7"]
[White "Berezhkov, Andrey"]
[Black "Matsenko, Andrei"]
[Result "0-1"]
[BlackElo "2356"]
[WhiteElo "2049"]
[LiveChessVersion "1.4.8"]

1. d4 {[%clk 1:30:22]} Nf6 {[%clk 1:30:48]} 2. c4 {[%clk 1:30:32]} e6
{[%clk 1:31:13]} 3. g3 {[%clk 1:30:57]} d5 {[%clk 1:31:26]} 4. Nf3
{[%clk 1:31:12]} dxc4 {[%clk 1:31:53]} 5. Bg2 {[%clk 1:31:30]} Bd7
{[%clk 1:31:10]} 6. Ne5 {[%clk 1:25:40]} Bc6 {[%clk 1:31:34]} 7. Nxc6
{[%clk 1:23:56]} Nxc6 {[%clk 1:32:01]} 8. e3 {[%clk 1:22:58]} Qd7
{[%clk 1:31:54]} 9. O-O {[%clk 1:15:18]} O-O-O {[%clk 1:32:07]} 10. Qa4
{[%clk 1:06:08]} Nd5 {[%clk 1:32:33]} 11. Qxc4 {[%clk 1:00:48]} h5
{[%clk 1:33:01]} 12. Nc3 {[%clk 0:56:21]} f5 {[%clk 1:33:12]} 13. Rd1
{[%clk 0:41:06]} h4 {[%clk 1:33:18]} 14. e4 {[%clk 0:22:12]} Nb6 {[%clk 1:31:47]}
15. Qf1 {[%clk 0:22:10]} hxg3 {[%clk 1:29:53]} 16. hxg3 {[%clk 0:19:07]} Qf7
{[%clk 1:25:58]} 17. Be3 {[%clk 0:14:45]} Be7 {[%clk 1:21:07]} 18. a4
{[%clk 0:12:58]} fxe4 {[%clk 1:15:01]} 19. Nxe4 {[%clk 0:11:05]} Nd5
{[%clk 1:15:10]} 20. Qe2 {[%clk 0:10:53]} Kb8 {[%clk 1:07:49]} 21. Rac1
{[%clk 0:10:50]} Nxe3 {[%clk 1:04:46]} 22. Qxe3 {[%clk 0:10:41]} Qh5
{[%clk 1:04:35]} 23. Bf3 {[%clk 0:07:04]} Qh2+ {[%clk 1:00:46]} 24. Kf1
{[%clk 0:07:32]} Nb4 {[%clk 1:00:39]} 25. Nc5 {[%clk 0:06:33]} Bxc5
{[%clk 0:59:14]} 26. dxc5 {[%clk 0:04:44]} Qh3+ {[%clk 0:59:14]} 27. Bg2
{[%clk 0:04:49]} Qf5 {[%clk 0:59:37]} 28. Qe4 {[%clk 0:04:15]} Qxe4
{[%clk 0:59:58]} 29. Bxe4 {[%clk 0:04:31]} c6 {[%clk 1:00:21]} 30. Ke2
{[%clk 0:04:17]} Kc7 {[%clk 0:58:30]} 31. Bf3 {[%clk 0:01:53]} a5
{[%clk 0:56:00]} 32. Ke3 {[%clk 0:01:12]} Nd5+ {[%clk 0:55:00]} 33. Ke4
{[%clk 0:00:44]} Rh2 {[%clk 0:53:33]} 34. Rc2 {[%clk 0:00:53]} Nf6+
{[%clk 0:52:49]} 35. Ke5 {[%clk 0:00:36]} Nd7+ {[%clk 0:53:06]} 36. Kxe6
{[%clk 0:00:31]} Rhh8 {[%clk 0:51:41]} 37. Bg4 {[%clk 0:00:31]} Rhf8
{[%clk 0:51:06]} 38. Bh5 {[%clk 0:00:33]} g6 {[%clk 0:49:50]} 39. Bxg6
{[%clk 0:00:32]} Rf6+ {[%clk 0:50:12]} 40. Ke7 {[%clk 0:00:57]} Rxg6
{[%clk 0:50:37]} 41. Rcd2 {[%clk 0:00:54]} Rg7+ {[%clk 0:51:03]} 42. Ke6
{[%clk 0:01:18]} Nxc5+ {[%clk 0:51:28]} 43. Kf6 {[%clk 0:01:02]} Rxd2
{[%clk 0:51:53]} 44. Rxd2 {[%clk 0:01:27]} Rxg3 {[%clk 0:52:16]} 45. fxg3
{[%clk 0:01:07]} Ne4+ {[%clk 0:52:43]} 46. Kf5 {[%clk 0:01:14]} Nxd2
{[%clk 0:53:09]} 47. g4 {[%clk 0:01:37]} Kd7 {[%clk 0:53:32]} 48. g5
{[%clk 0:01:48]} Ke7 {[%clk 0:53:58]} 49. g6 {[%clk 0:01:30]} Nc4
{[%clk 0:54:22]} 0-1

[Event "Moscow Open F"]
[Site "?"]
[Date "2017.01.28"]
[Round "2.8"]
[White "Vaseptsov, Maxim"]
[Black "Bochkov, Artem"]
[Result "1-0"]
[BlackElo "2056"]
[WhiteElo "2348"]
[LiveChessVersion "1.4.8"]

1. e4 {[%clk 1:30:57]} c5 {[%clk 1:28:06]} 2. Nf3 {[%clk 1:31:01]} e6
{[%clk 1:28:29]} 3. d4 {[%clk 1:30:22]} cxd4 {[%clk 1:28:54]} 4. Nxd4
{[%clk 1:30:47]} Nc6 {[%clk 1:29:19]} 5. Nc3 {[%clk 1:30:35]} Nf6
{[%clk 1:28:45]} 6. Ndb5 {[%clk 1:29:06]} d6 {[%clk 1:29:05]} 7. Bf4
{[%clk 1:29:11]} e5 {[%clk 1:29:14]} 8. Bg5 {[%clk 1:29:35]} a6 {[%clk 1:29:33]}
9. Na3 {[%clk 1:29:43]} b5 {[%clk 1:29:34]} 10. Bxf6 {[%clk 1:28:56]} gxf6
{[%clk 1:29:28]} 11. Nd5 {[%clk 1:29:22]} f5 {[%clk 1:25:35]} 12. c3
{[%clk 1:12:53]} Rb8 {[%clk 1:15:32]} 13. exf5 {[%clk 1:07:38]} Qh4
{[%clk 0:44:37]} 14. Bd3 {[%clk 0:56:50]} Ne7 {[%clk 0:37:38]} 15. g3
{[%clk 0:47:52]} Qh6 {[%clk 0:38:06]} 16. Nxe7 {[%clk 0:47:42]} Bxe7
{[%clk 0:38:34]} 17. Be4 {[%clk 0:47:29]} d5 {[%clk 0:35:44]} 18. Qxd5
{[%clk 0:41:17]} Bb7 {[%clk 0:29:48]} 19. Qxe5 {[%clk 0:35:56]} O-O
{[%clk 0:30:15]} 20. Bxb7 {[%clk 0:35:34]} Bxa3 {[%clk 0:30:42]} 21. O-O
{[%clk 0:33:53]} Bxb2 {[%clk 0:30:38]} 22. Rab1 {[%clk 0:33:52]} Rfe8
{[%clk 0:25:33]} 23. Qc7 {[%clk 0:32:16]} Bxc3 {[%clk 0:24:03]} 24. Qxc3
{[%clk 0:31:50]} Rxb7 {[%clk 0:24:32]} 25. Rb4 {[%clk 0:31:23]} f6
{[%clk 0:22:25]} 26. Qc6 {[%clk 0:28:48]} Qf8 {[%clk 0:22:48]} 27. Rg4+
{[%clk 0:20:32]} Rg7 {[%clk 0:23:16]} 28. Rxg7+ {[%clk 0:20:50]} Kxg7
{[%clk 0:23:41]} 29. Qxa6 {[%clk 0:17:41]} Qc5 {[%clk 0:20:24]} 30. Qb7+
{[%clk 0:16:47]} Re7 {[%clk 0:20:52]} 31. Qf3 {[%clk 0:17:01]} Qc4
{[%clk 0:13:36]} 32. a3 {[%clk 0:14:38]} b4 {[%clk 0:14:04]} 33. axb4
{[%clk 0:14:15]} Qxb4 {[%clk 0:14:32]} 34. Kg2 {[%clk 0:12:31]} Re5
{[%clk 0:10:35]} 35. Rd1 {[%clk 0:11:12]} Qb5 {[%clk 0:10:59]} 36. Qg4+
{[%clk 0:11:01]} Kf7 {[%clk 0:10:28]} 37. Rd8 {[%clk 0:10:13]} Rxf5
{[%clk 0:10:11]} 38. Qg8+ {[%clk 0:10:29]} Ke7 {[%clk 0:10:38]} 39. Qf8+
{[%clk 0:10:50]} Ke6 {[%clk 0:11:06]} 40. Rd6+ {[%clk 0:11:14]} Ke5
{[%clk 0:11:24]} 41. Qe7# {[%clk 0:11:42]} 1-0

[Event "Moscow Open F"]
[Site "?"]
[Date "2017.01.28"]
[Round "2.9"]
[White "Safonov, Andrei"]
[Black "Bryakin, Mikhail"]
[Result "0-1"]
[BlackElo "2333"]
[WhiteElo "2040"]
[LiveChessVersion "1.4.8"]

1. e4 {[%clk 1:27:51]} c6 {[%clk 1:30:53]} 2. d4 {[%clk 1:28:03]} d5
{[%clk 1:31:15]} 3. e5 {[%clk 1:28:14]} Bf5 {[%clk 1:31:36]} 4. Nf3
{[%clk 1:28:08]} e6 {[%clk 1:31:53]} 5. Be2 {[%clk 1:27:56]} Nd7 {[%clk 1:32:09]}
6. O-O {[%clk 1:25:13]} h6 {[%clk 1:31:41]} 7. Be3 {[%clk 1:24:56]} Ne7
{[%clk 1:31:50]} 8. c4 {[%clk 1:21:03]} dxc4 {[%clk 1:32:03]} 9. Bxc4
{[%clk 1:21:26]} Nb6 {[%clk 1:32:11]} 10. Bb3 {[%clk 1:17:16]} Bh7
{[%clk 1:31:33]} 11. Nc3 {[%clk 1:16:43]} Nf5 {[%clk 1:29:17]} 12. Qe2
{[%clk 1:16:01]} Be7 {[%clk 1:29:29]} 13. Rac1 {[%clk 1:11:27]} O-O
{[%clk 1:29:28]} 14. Rfd1 {[%clk 1:08:32]} Nd5 {[%clk 1:28:47]} 15. Nxd5
{[%clk 1:04:54]} cxd5 {[%clk 1:27:46]} 16. Bd2 {[%clk 1:05:08]} Qb6
{[%clk 1:27:12]} 17. Bc3 {[%clk 1:03:32]} Rac8 {[%clk 1:26:03]} 18. Bc2
{[%clk 0:53:33]} Bb4 {[%clk 1:22:25]} 19. Bb1 {[%clk 0:43:58]} Bxc3
{[%clk 1:22:01]} 20. bxc3 {[%clk 0:44:22]} Bg6 {[%clk 1:21:48]} 21. g4
{[%clk 0:38:39]} Ne7 {[%clk 1:21:57]} 22. Bxg6 {[%clk 0:38:55]} fxg6
{[%clk 1:21:08]} 23. Ne1 {[%clk 0:36:46]} g5 {[%clk 1:16:06]} 24. Qd3
{[%clk 0:27:59]} Qc6 {[%clk 1:13:16]} 25. Ng2 {[%clk 0:21:56]} b5
{[%clk 1:09:06]} 26. h4 {[%clk 0:18:09]} Qc4 {[%clk 1:04:55]} 27. hxg5
{[%clk 0:13:30]} Qxd3 {[%clk 1:04:42]} 28. Rxd3 {[%clk 0:13:51]} hxg5
{[%clk 1:05:09]} 29. Rb1 {[%clk 0:14:04]} a6 {[%clk 1:04:50]} 30. Rh3
{[%clk 0:08:18]} Rc4 {[%clk 1:03:54]} 31. Rb3 {[%clk 0:05:48]} Ra4
{[%clk 1:02:58]} 32. a3 {[%clk 0:04:05]} Nc6 {[%clk 1:02:56]} 33. Rh5
{[%clk 0:02:14]} Na5 {[%clk 1:03:03]} 34. Rb2 {[%clk 0:02:36]} Rxa3
{[%clk 1:02:41]} 35. Rc2 {[%clk 0:02:57]} Rc8 {[%clk 1:02:24]} 36. Rxg5
{[%clk 0:02:23]} b4 {[%clk 1:00:39]} 37. Nf4 {[%clk 0:02:19]} b3 {[%clk 0:57:22]}
38. Rb2 {[%clk 0:02:19]} Nc4 {[%clk 0:54:08]} 39. Rb1 {[%clk 0:02:11]} b2
{[%clk 0:54:15]} 0-1

[Event "Moscow Open F"]
[Site "?"]
[Date "2017.01.28"]
[Round "2.10"]
[White "Samusenko, Maksim"]
[Black "Rudenok, Tatiana"]
[Result "1-0"]
[BlackElo "2045"]
[WhiteElo "2333"]
[LiveChessVersion "1.4.8"]

1. d4 {[%clk 1:30:55]} Nf6 {[%clk 1:30:56]} 2. Bf4 {[%clk 1:31:05]} e6
{[%clk 1:30:25]} 3. e3 {[%clk 1:30:56]} b6 {[%clk 1:30:07]} 4. Nf3
{[%clk 1:30:35]} Bb7 {[%clk 1:30:17]} 5. Bd3 {[%clk 1:29:28]} Ne4
{[%clk 1:28:13]} 6. O-O {[%clk 1:27:17]} Be7 {[%clk 1:23:27]} 7. Nbd2
{[%clk 1:22:42]} f5 {[%clk 1:18:14]} 8. Ne5 {[%clk 1:15:11]} O-O {[%clk 1:15:27]}
9. Nxe4 {[%clk 1:11:35]} fxe4 {[%clk 1:13:23]} 10. Bc4 {[%clk 1:07:04]} Bd5
{[%clk 1:01:48]} 11. Qg4 {[%clk 0:55:59]} Bf6 {[%clk 0:38:09]} 12. f3
{[%clk 0:43:52]} Qe7 {[%clk 0:37:05]} 13. fxe4 {[%clk 0:29:18]} Bxe4
{[%clk 0:35:35]} 14. Bg5 {[%clk 0:28:18]} d5 {[%clk 0:22:07]} 15. Bxf6
{[%clk 0:26:33]} Rxf6 {[%clk 0:21:22]} 16. Rxf6 {[%clk 0:25:47]} Qxf6
{[%clk 0:21:45]} 17. Rf1 {[%clk 0:25:57]} Qh6 {[%clk 0:19:02]} 18. Kh1
{[%clk 0:21:41]} a5 {[%clk 0:12:19]} 19. Rf4 {[%clk 0:14:57]} dxc4
{[%clk 0:12:13]} 20. Rxe4 {[%clk 0:14:52]} Na6 {[%clk 0:11:27]} 21. Nxc4
{[%clk 0:12:31]} Rf8 {[%clk 0:09:13]} 22. h3 {[%clk 0:11:00]} Rf6
{[%clk 0:09:35]} 23. Qg3 {[%clk 0:09:18]} Qh5 {[%clk 0:08:30]} 24. Rg4
{[%clk 0:09:07]} g6 {[%clk 0:07:51]} 25. c3 {[%clk 0:06:42]} Kg7 {[%clk 0:06:32]}
26. Kh2 {[%clk 0:06:40]} Qb5 {[%clk 0:05:49]} 27. b3 {[%clk 0:06:52]} a4
{[%clk 0:05:38]} 28. Nd2 {[%clk 0:07:12]} axb3 {[%clk 0:03:58]} 29. axb3
{[%clk 0:07:41]} Qa5 {[%clk 0:03:21]} 30. Ne4 {[%clk 0:07:50]} Rf5
{[%clk 0:03:21]} 31. Qh4 {[%clk 0:07:42]} Qd5 {[%clk 0:03:09]} 32. Ng5
{[%clk 0:06:18]} h5 {[%clk 0:03:19]} 33. Rg3 {[%clk 0:06:14]} Qxb3
{[%clk 0:03:16]} 34. Nf3 {[%clk 0:06:01]} Kh6 {[%clk 0:01:15]} 35. e4
{[%clk 0:05:37]} Rxf3 {[%clk 0:00:31]} 36. Qg5+ 1-0